00628nam a22002057a 450000500170000001000130001702000100003003500130004003700160005304000120006908200150008124500700009626000420016627000480020830000220025650000200027865000480029865000600034670000160040620170124110035.0 aA-916925 c00.00 aA-916925 bCen Lib/Ret aDPLbEN a334.9bUND aUnderdevelopment to developing economics /cedited by S. P. Singh aBombaybOxford University Pressc1978 bBombayaOxford House, Apollo Bundere400039 ax,551p.c21cm(Hb) aIncludes index  aDeveloping countries -- Economic conditions aAgriculture -- Economic aspects -- Developing countries aS. P. Singh